000 00474pab a2200193 454500
008 180718b2012 xxu||||| |||| 00| 0 eng d
100 _aGoertz, Gary
245 _aConcepts and measurement: Ontology and epistemology
260 _c2012
300 _ap.205-216.
362 _aJun
650 _aEpistemology
650 _aOntology
650 _aConceptualization
700 _aMahoney, James
773 _aSocial Science Information
908 _aN
909 _a96779
999 _c96779
_d96779